000 00428nam a2200181Ia 4500
005 20250216101147.0
008 240825s9999 xx 000 0 und d
020 _a9789811200847
_qpbk
041 _aeng
082 _a509.22
_bNOB
100 _aGrandin, Karl
245 0 _aNobel Prizes 2017, the
_c/Grandin Karl
250 _a1st
260 _bWSPC
_c2020
300 _a 518 pages
650 _aGeneral
942 _cENGLISH
999 _c547751
_d547751